000
00364nam a22001577a 4500
003
MPLRDC
005
20220104145758.0
008
210129b ||||| |||| 00| 0 eng d
082
_a
737 LBY
100
_a
鲁白野
245
_a
印度印象
_c
260
_a
_b
星洲世界书局有限公司
_c
300
_b
173
650
_a
印度史
942
_c
BK
_o
737 LBY
999
_c
51514
_d
51504